000 01387nam a2200193Ia 4500
999 _c5145
_d5145
020 _a184480349X
020 _a9781844803491
050 _aHF5657.4
_b.D78
100 1 _aDrury, Colin.
245 1 0 _aCost and management accounting :
_ban introduction /
_cColin Drury.
250 _aSixth edition.
260 _aLondon :
_bThomson Learning,
_c 2006.
300 _axxvi, 596 pages :
_billustrations ;
_c27 cm.
500 _aIncludes index.
505 _a PART 1: INTRODUCTION TO COST AND MANAGEMENT ACCOUNTING 1. Introduction to Management Accounting. 2. An Introduction to Cost Terms and Concepts. PART 2: COST ACCUMULATION FOR INVENTORY VALUATION AND PROFIT MEASUREMENT. 3. Accounting for Labour and Materials. 4. Cost Assignment. 5. Accounting Entries for a Job Costing System. 6. Process Costing. 7. Joint Product and By-product Costing. 8. Income Effects of Alternative Cost Accumulation Systems. PART 3: INFORMATION FOR DECISION-MAKING. 9. Cost-Volume-Profit Analysis. 10. Measuring Relevant Costs and Revenues for Decision-Making. 11. Activity-Based Costing. 12. Capital Investment Decisions. PART 4: INFORMATION FOR PLANNING AND CONTROL. 13. The Budgeting Process. 14. Management Control Systems. 15. Standard Costing and Variance Analysis. Answers Bibliography Appendices Index Biblio information
650 0 _aCost accounting.
650 0 _aManagerial accounting.
942 _cBK